000 00481nam a2200181Ia 4500
001 10215
005 20260306161815.0
008 260306t2017||||xx |||||||||||||| ||spa||
041 _aESP
082 _a909
_bR72
100 _aRoca Barea, María Elvira
_eAUT
245 0 _aImperiofobia y leyenda negra:
_bRoma, Rusia, Estados Unidos y el imperio español
260 _c2017
300 _a481 páginas :
_c24 cm.
650 _aGEN
654 _aCHU
942 _cLIB
_dJUS
_fJUS
_2ddc
_n
999 _c10215
_d10215